000 01148cam a22003134i 4500
001 17985177
003 OSt
005 20150728233018.0
008 131230s2015 maua b 001 0 eng
010 _a 2013044184
020 _a9781292061221
040 _aDLC
_beng
_cDLC
_erda
_dDLC
042 _apcc
082 0 0 _a629.895
_bPCD
_223
100 1 _aPhillips, Charles L.
_949666
245 1 0 _aDigital control system analysis & design /
_cCharles L. Phillips, H. Troy Nagle, Aranya Chakrabortty.
246 3 _aDigital control system analysis and design
250 _a4th ed., Global ed.
260 _aHarlow, Essex, England :
_bPearson Education Limited,
_c2015.
300 _ax, 528 p. :
_bill. ;
_c24 cm
504 _aIncludes bibliographical references and index.
630 0 0 _aMATLAB.
_949667
650 0 _aDigital control systems.
_949668
650 0 _aElectric filters, Digital.
_949669
700 1 _aNagle, H. Troy,
_d1942-
_949670
700 1 _aChakrabortty, Aranya.
_949671
942 _2ddc
_cBOOK
999 _c37755
_d272255